| 000 | 00919nas a2200313 4500 | ||
|---|---|---|---|
| 001 | BR2013007423 | ||
| 003 | BR-BrBNA | ||
| 005 | 20231205122940.0 | ||
| 007 | ta | ||
| 008 | 230509b bl.|||p| |||| 00| 00por d | ||
| 040 |
_aBR-BrBNA _bpor _cBiblioteca Nacional de Agricultura |
||
| 041 | _a(Pt) | ||
| 072 | _aF07; F01 | ||
| 100 | 1 | _aYokoyama, L.P. | |
| 100 | 1 | _aSilveira, P.M. da | |
| 100 | 1 | _aStone, L.F. | |
| 245 | 1 | _aRentabilidade das culturas de milho, soja e trigo em diferentes sistemas de preparo do solo | |
| 650 | _aMILHO | ||
| 650 | _aSOJA | ||
| 650 | _aTRIGO | ||
| 650 | _aRENTABILIDADE | ||
| 650 | _aMANEJO DO SOLO | ||
| 650 | _aARADO DE AIVECA | ||
| 650 | _aGRADE | ||
| 650 | _aPLANTIO DIRETO | ||
| 773 | 0 |
_tPesquisa Agropecuária Tropical (Brazil) _xISSN 1517-6398 _g(Jul-Dec 2002), v. 32(2) p. 75-79 _wBR2013007423 |
|
| 909 |
_a202311 _bLúcia _c55 _dLúcia Elande |
||
| 942 |
_2AGRIS _n0 _cANA |
||
| 999 |
_c231408 _d231408 |
||